Vietnam by Picture - Statistics

General Stats
  • This quiz has been taken 115 times
  • The average score is 9 of 16
Answer Stats
Picture Hint Answer % Correct
Food Pho
98%
Historical Person Ho Chi Minh
89%
Food Banh Mi
87%
Currency Dong
86%
Holiday Tet
84%
City Hanoi
81%
National Flower Lotus
80%
Travel Destination Ha Long Bay
68%
Folk Costume Ao Dai
67%
Building Landmark 81
53%
Headwear Non La
52%
River Red River
52%
Animal Saola
26%
Religion Folk Religion
21%
Mountain Fansipan
0%
Martial Arts Vovinam
0%
No matching quizzes found
Score Distribution
Percent of People with Each Score
Percentile by Number Answered
Your Score History
You have not taken this quiz